000 00251nam a2200109Ia 4500
008 200302s9999 xx 000 0 und d
100 _aMarcia Rand
245 _aBe Your Own Decorator
260 _bDodd Mead & Company
260 _c1959
300 _a176 P.,
999 _c411
_d411